Abastecimiento de agua y alcantarillado

Saved in:
Bibliographic Details
Main Author: Steel, Ernest W (Author)
Format: Book
Language:Spanish
Published: Barcelona Gustavo Gili 1958
Subjects:
Tags: Add Tag
No Tags, Be the first to tag this record!

MARC

LEADER 00000nam a2200000 a 4500
001 UCU6237
003 CL-VaPUC
008 960614e19580000SP |||||||||||||||||spa|d
082 0 4 |a 628.2  |b STE  |2 21 
100 0 |a Steel, Ernest W  |e author  |9 364424 
245 1 0 |a Abastecimiento de agua y alcantarillado 
300 |a 740 p 
942 |c BK 
945 |d 19960614 00:00:00  |a paguirre 
260 |a Barcelona  |b Gustavo Gili  |c 1958 
650 0 |a Alcantarillado   |9 260369 
650 0 |a Agua  |9 257149 
650 0 |a Abastecimiento de agua  |9 260374 
650 7 |a CORRIENTES DE AGUA  |2 CL-VaPUC  |9 350181 
650 0 |a Tuberías  |9 259420 
650 7 |a POZOS DE AGUA  |2 CL-VaPUC  |9 364425 
650 7 |a PERFORADORES DE POZOS  |2 CL-VaPUC  |9 364426 
583 |a last modification  |c 19960614 00:00:00  |k Rodrigo Vera 
999 |c 249251  |d 249249